000 01136cac a2200277 a 4500
003 Co-PeBPM
005 20260408103635.0
007 ta
008 240613t2004IIIIck ax ||||||||||||||spaund||
020 _a8493397695
040 0 _aCo-PeBPM
_bspa
_cCo-PeBPM
_erda
041 _aspa
082 0 4 _a(i) 759.6 G216p
_222
100 1 _aGarcía, Marina
_eautor
245 1 0 _aPicasso para niños
_c/ Textos e ilustraciones Marina García
260 _aBarcelona, España
_b: Libros del Zorro Rojo
_c, 2004
300 _a15 páginas
_b: ilustraciones a color
_c; 27 centímetros
500 _aIncluye índice.
504 _aIncluye bibliografía.
520 _a¡Ven a conocer grandes maestros de la pintura en estos libros de actividades, con divertidos juegos para descubrir la obra de cada artista! En este libro, Picasso te cuenta su fascinante historia, haciendo un recorrido por las distintas etapas de su vida. Tomado de la contracubierta del texto.
600 _aPicassoPablo, 1881-1973
650 1 7 _aPintores españoles
_2LEMB
650 1 7 _aTrabajos pictóricos
_2LEMB
650 1 7 _aLiteratura juvenil
_2LEMB
942 _2ddc
_cBK
999 _c107311
_d107311